The last mushaʾirah of Dehli : (Record no. 47990)

MARC details
000 -LEADER
fixed length control field 01544cam a2200289 a 4500
005 - DATE AND TIME OF LATEST TRANSACTION
control field 20031230185550.0
010 ## - LCCN (DPL NO)
LC control number ENG-101577 B-477241
020 ## - INTERNATIONAL STANDARD BOOK NUMBER
International Standard Book Number 9788125039679
Terms of availability 295.00
035 ## - SYSTEM CONTROL NUMBER
System control number EN-85110 B-477241
037 ## - SOURCE OF ACQUISITION
Source of stock number/acquisition DBAD/PUB
037 ## - SOURCE OF ACQUISITION
Source of stock number/acquisition K.K.Pub/Ven
082 ## - DEWEY DECIMAL CLASSIFICATION NUMBER
Classification number 891.43936
100 1# - MAIN ENTRY--PERSONAL NAME
Personal name Baig, Mirza Farḥatullāh
245 10 - TITLE STATEMENT
Title The last mushaʾirah of Dehli :
Statement of responsibility, etc by Mirza Farhatullah Baig ; translated by Akhtar Qamber
Remainder of title a translation into English of Farhatullah Baig’s modern Urdu classic, Dehli ki akhri shamaʻ ; with an introduction, notes, glossary, and bibliography /
260 ## - PUBLICATION, DISTRIBUTION, ETC. (IMPRINT)
Place of publication, distribution, etc New Delhi
Name of publisher, distributor, etc Orient Blackswan
Date of publication, distribution, etc 2010
270 ## - ADDRESS
Address 1/24 Asaf Ali Road
City New Delhi
Postal code 110002
300 ## - PHYSICAL DESCRIPTION
Extent xxxi,291p.:
Dimensions 23cm (pbk)
Other physical details maps
500 ## - GENERAL NOTE
General note Includes bibliographical references
500 ## - GENERAL NOTE
General note Running title: A mushaʾirah in Delhi.
700 ## - ADDED ENTRY--PERSONAL NAME
Personal name Qamber, Akhtar
9 (RLIN) 22410
856 42 - ELECTRONIC LOCATION AND ACCESS
Uniform Resource Identifier http://www.loc.gov/catdir/description/texas041/93060588.html
856 41 - ELECTRONIC LOCATION AND ACCESS
Uniform Resource Identifier http://www.loc.gov/catdir/toc/texas041/93060588.html
942 ## - ADDED ENTRY ELEMENTS (KOHA)
Source of classification or shelving scheme Dewey Decimal Classification
Item type English Books
Call number suffix BAG
Classification part 891.43936
Holdings
Withdrawn status Lost status Not for loan Collection code Home library Current library Date acquired Source of acquisition Cost, normal purchase price Full call number Barcode Copy number Cost, replacement price Koha item type
      Non-fiction Central Library Central Library 08/08/2012 K.K.Pub/1907/30.3.2012/SP/45/30.03.2012/30.03.2012 295.00 891.43936 BAG B-477241 1 295.00 English Books
    Not For Loan Non-fiction D.B.Act.Division D.B.Act.Division 29/09/2010 DBAD/PUB 295.00 891.43936 BAG EN-85110 1 295.00 English Books

© Delhi Public Library
Hit Counter
free hit counter